000
00379nam a2200193Ia 4500
001
13698
003
GE_BSU
008
181216s||||||||xx |||||||||||||| ||und||
040
_c
GE_BSU
080
_a
821.111-3
100
_a
Sharpe,Tom
245
_a
Wilt
260
_a
London
260
_b
Pan books
260
_c
1976
300
_a
220p.18cm.
653
_a
Wilt
942
_c
BK
999
_c
46846
_d
46846